000
00283nam a2200121 a 4500
008
101022s1978|||| d
100
1
_a
Leonov, Leonid
245
1
0
_a
Profesor Skutarevskij
260
_b
Tatran
_a
Bratislava
_c
1978
020
_c
28,75
041
_a
slo
044
_a
xo
_c
SK
999
_c
12031
_d
12031